[Event "Titled Tuesday intern op 20th Aug Early"]
[Site "Chess.com INT"]
[Date "2024.08.20"]
[Round "1"]
[White "Kovalev, Vladislav"]
[Black "Majer, Damir"]
[Result "1-0"]
[WhiteElo "2539"]
[BlackElo "2246"]
[PlyCount "99"]
[EventDate "2024.08.20"]
[EventType "swiss (blitz)"]
[EventRounds "11"]
[EventCountry "USA"]
[SourceTitle "EXT 2025"]
[Source "ChessBase"]
[SourceDate "2024.10.14"]
[SourceVersion "1"]
[SourceVersionDate "2024.10.14"]
[SourceQuality "1"]

1. e4 Nf6 2. e5 Nd5 3. d4 d6 4. Nf3 dxe5 5. Nxe5 c6 6. Be2 Bf5 7. 0-0 Nd7 8. c4 N5f6 9. Nf3 e6 10. Nc3 Bd6 11. h3 0-0 12. Be3 Ne4 13. Qb3 Nxc3 14. bxc3 Rb8 15. a4 Re8 16. a5 c5 17. Rfd1 Qc7 18. Qb5 a6 19. Qa4 Red8 20. Rd2 h6 21. Rad1 Rbc8 22. Ne1 Be4 23. Qa2 Bh2+ 24. Kf1 Bd6 25. Nf3 Bxf3 26. Bxf3 cxd4 27. cxd4 Qxc4+ 28. Qxc4 Rxc4 29. Bxb7 Bb4 30. Ra2 Nb8 31. d5 exd5 32. Bxd5 Rcc8 33. Bb6 Re8 34. Re2 Rxe2 35. Kxe2 Nc6 36. Rb1 Bc3 37. Kf1 Nxa5 38. Rc1 Rb8 39. Rxc3 Rxb6 40. Rc8+ Kh7 41. Bxf7 g5 42. Bd5 Nb3 43. Rc7+ Kh8 44. g3 a5 45. Ra7 Rb5 46. Be6 Nc5 47. Bc4 Rb1+ 48. Kg2 a4 49. Ra5 Nd3 50. Bxd3 1-0

[Event "Titled Tuesday intern op 20th Aug Early"]
[Site "Chess.com INT"]
[Date "2024.08.20"]
[Round "10"]
[White "Majer, Damir"]
[Black "Maltsevskaya, Aleksandra"]
[Result "0-1"]
[WhiteElo "2246"]
[BlackElo "2404"]
[PlyCount "121"]
[EventDate "2024.08.20"]
[EventType "swiss (blitz)"]
[EventRounds "11"]
[EventCountry "USA"]
[SourceTitle "EXT 2025"]
[Source "ChessBase"]
[SourceDate "2024.10.14"]
[SourceVersion "1"]
[SourceVersionDate "2024.10.14"]
[SourceQuality "1"]

1. e4 c6 2. d4 d5 3. exd5 cxd5 4. Bd3 Nc6 5. c3 Qc7 6. Ne2 Bg4 7. 0-0 e6 8. h3 Bxe2 9. Qxe2 Bd6 10. Nd2 0-0-0 11. a4 e5 12. dxe5 Nxe5 13. Bc2 Nf6 14. Nf3 Rhe8 15. Nxe5 Bxe5 16. Qf3 Ne4 17. Be3 Kb8 18. a5 g6 19. a6 b6 20. Rad1 f5 21. Bb3 Qc6 22. Ra1 Qb5 23. Ba4 Qxb2 24. Bxe8 Rxe8 25. Bf4 Qxc3 26. Bxe5+ Rxe5 27. Qd1 Qd2 28. Qa4 Nc5 29. Qb5 Qd3 30. Qb2 d4 31. Rfd1 Qc3 32. Qb5 d3 33. Rac1 Qd4 34. Rc4 Qd6 35. Qb2 Re2 36. Qh8+ Kc7 37. Rd4 Qe7 38. Rd8 Re1+ 39. Rxe1 Qxd8 40. Kh2 Qxh8 41. Re7+ Kc6 42. Rxa7 Qb8+ 43. Rc7+ Qxc7+ 44. g3 Qa7 45. h4 Qxa6 46. h5 d2 47. h6 d1Q 48. Kh3 Qdf1+ 49. Kh4 Qaa1 50. Kg5 Qe5 51. g4 Qe7+ 52. Kf4 fxg4 53. Kg3 Qfe2 54. f3 Qxf3+ 55. Kh2 Qee2+ 56. Kg1 Qb3 57. Kh1 b5 58. Kg1 b4 59. Kh1 Ne6 60. Kg1 Ng5 61. Kh1 0-1

[Event "Titled Tuesday intern op 20th Aug Early"]
[Site "Chess.com INT"]
[Date "2024.08.20"]
[Round "8"]
[White "Majer, Damir"]
[Black "Margl, Roland"]
[Result "0-1"]
[WhiteElo "2246"]
[BlackElo "2263"]
[PlyCount "78"]
[EventDate "2024.08.20"]
[EventType "swiss (blitz)"]
[EventRounds "11"]
[EventCountry "USA"]
[SourceTitle "EXT 2025"]
[Source "ChessBase"]
[SourceDate "2024.10.14"]
[SourceVersion "1"]
[SourceVersionDate "2024.10.14"]
[SourceQuality "1"]

1. Nf3 Nf6 2. b3 d5 3. Bb2 c5 4. g3 Nc6 5. e3 d4 6. exd4 cxd4 7. Bg2 e5 8. 0-0 Bd6 9. c3 d3 10. c4 0-0 11. Nc3 Re8 12. Nd5 Nxd5 13. cxd5 Nb4 14. Ne1 e4 15. a3 Nxd5 16. Nxd3 Bxa3 17. Rxa3 exd3 18. Qf3 Nb4 19. Qf4 Nc6 20. Ra4 Be6 21. b4 Bd5 22. Bh3 a6 23. Bf5 Be6 24. Be4 h6 25. Qf3 Qd7 26. Bxd3 Rad8 27. Be4 Qxd2 28. Ba1 Qd7 29. Qc3 Nd4 30. Qa3 Bc4 31. Re1 Ne2+ 32. Rxe2 Bxe2 33. Bc2 Bb5 34. Qc3 f6 35. Bb3+ Kh8 36. Ra2 Rc8 37. Qf3 Re1+ 38. Kg2 Bf1+ 39. Kg1 Bh3# 0-1

[Event "Titled Tuesday intern op 20th Aug Early"]
[Site "Chess.com INT"]
[Date "2024.08.20"]
[Round "2"]
[White "Majer, Damir"]
[Black "Spichkin, Alexander"]
[Result "0-1"]
[WhiteElo "2246"]
[BlackElo "2035"]
[PlyCount "84"]
[EventDate "2024.08.20"]
[EventType "swiss (blitz)"]
[EventRounds "11"]
[EventCountry "USA"]
[SourceTitle "EXT 2025"]
[Source "ChessBase"]
[SourceDate "2024.10.14"]
[SourceVersion "1"]
[SourceVersionDate "2024.10.14"]
[SourceQuality "1"]

1. Nf3 f5 2. d3 d6 3. e4 e5 4. exf5 Bxf5 5. d4 exd4 6. Nxd4 Qd7 7. Nxf5 Qxf5 8. Bd3 Qe5+ 9. Qe2 Nc6 10. 0-0 0-0-0 11. Qxe5 Nxe5 12. Be2 Nf6 13. Nc3 d5 14. Bg5 Bb4 15. Nb5 a6 16. a3 Bc5 17. Nc3 Rhf8 18. Rad1 c6 19. b4 Bb6 20. Na4 Bc7 21. h3 Rde8 22. Rfe1 Ne4 23. Be3 h6 24. Bd4 g5 25. Bh5 Nf7 26. Nc5 Ned6 27. Ne6 Rg8 28. Bg4 Kb8 29. Nxc7 Kxc7 30. Bh5 Kd7 31. f3 Rxe1+ 32. Rxe1 Re8 33. Bg4+ Kc7 34. Rxe8 Nxe8 35. Be6 Nfd6 36. g4 Nc4 37. a4 b5 38. a5 Na3 39. c3 Nc2 40. Be5+ Kd8 41. Kf2 Na3 42. Bc8 Kxc8 0-1

[Event "Titled Tuesday intern op 19th Sep Early"]
[Site "Chess.com INT"]
[Date "2023.09.19"]
[Round "1"]
[White "Majer, Damir"]
[Black "Corrales Jimenez, Fidel"]
[Result "0-1"]
[WhiteElo "2246"]
[BlackElo "2533"]
[PlyCount "74"]
[EventDate "2023.09.19"]
[EventType "swiss (blitz)"]
[EventRounds "11"]
[EventCountry "USA"]
[SourceTitle "EXT 2024"]
[Source "ChessBase"]
[SourceDate "2023.10.10"]
[SourceVersion "1"]
[SourceVersionDate "2023.10.10"]
[SourceQuality "1"]

1. e4 c5 2. Nc3 Nc6 3. g3 g6 4. Bg2 Bg7 5. d3 d6 6. Be3 Rb8 7. Qd2 b5 8. h4 b4 9. Nd1 h6 10. Nh3 e6 11. 0-0 Nge7 12. a3 a5 13. h5 g5 14. f4 gxf4 15. Bxf4 Nd4 16. Kh2 Ba6 17. Nhf2 b3 18. c3 Nc2 19. Rc1 a4 20. Ne3 e5 21. Nxc2 exf4 22. Ne1 fxg3+ 23. Kxg3 Be5+ 24. Kf3 Nc6 25. Ng4 Qh4 26. Nxe5 Nxe5+ 27. Ke2 Qxh5+ 28. Bf3 Qg5 29. Rh1 Ke7 30. Qe3 Rbg8 31. c4 Bc8 32. Rh5 Qxe3+ 33. Kxe3 Rg3 34. Kf2 Rxf3+ 35. Nxf3 Nxd3+ 36. Ke3 Nxc1 37. Rh1 Na2 0-1

[Event "Titled Tuesday intern op 19th Sep Early"]
[Site "Chess.com INT"]
[Date "2023.09.19"]
[Round "11"]
[White "Majer, Damir"]
[Black "Kleiman, Jake"]
[Result "0-1"]
[WhiteElo "2246"]
[BlackElo "2399"]
[PlyCount "130"]
[EventDate "2023.09.19"]
[EventType "swiss (blitz)"]
[EventRounds "11"]
[EventCountry "USA"]
[SourceTitle "EXT 2024"]
[Source "ChessBase"]
[SourceDate "2023.10.10"]
[SourceVersion "1"]
[SourceVersionDate "2023.10.10"]
[SourceQuality "1"]

1. e4 e5 2. Nf3 Nc6 3. Nc3 Nf6 4. Bb5 Bd6 5. 0-0 0-0 6. d3 Re8 7. a3 h6 8. Bc4 Bf8 9. h3 d6 10. Be3 Be6 11. Bxe6 Rxe6 12. d4 Re8 13. d5 Nb8 14. Nd2 Nbd7 15. Ne2 g6 16. c4 a5 17. b4 Nh7 18. Qc2 Kg7 19. c5 Be7 20. c6 bxc6 21. dxc6 Ndf8 22. Nc3 Bg5 23. Bxg5 Qxg5 24. Nd5 Ne6 25. Nf3 Qh5 26. b5 Nhg5 27. Qd3 Nc5 28. Qe3 Nge6 29. Rac1 a4 30. Rc4 f6 31. Rb1 Rab8 32. Rbb4 g5 33. b6 cxb6 34. Nxb6 Qf7 35. Nd5 Nf4 36. c7 Rbc8 37. Rxc5 dxc5 38. Qxc5 Nxd5 39. exd5 Qxc7 40. Qxc7+ Rxc7 41. Rxa4 Rd8 42. Ra5 Rcd7 43. Nh2 Rxd5 44. Ra7+ R8d7 45. Rxd7+ Rxd7 46. Ng4 Rd3 47. Ne3 Rxa3 48. Nf5+ Kh7 49. f3 h5 50. Kf2 h4 51. Ne7 Ra2+ 52. Kf1 Kg7 53. Nd5 Kf7 54. Nc3 Rc2 55. Ne4 Kg6 56. Nd6 f5 57. Nb5 Rc5 58. Nd6 Rc6 59. Nb5 Rc2 60. Nd6 Kf6 61. Nb5 Ke6 62. Kg1 Kd5 63. Kf1 Kc6 64. Na7+ Kb6 65. Nc8+ Rxc8 0-1

[Event "Titled Tuesday intern op 19th Sep Early"]
[Site "Chess.com INT"]
[Date "2023.09.19"]
[Round "3"]
[White "Majer, Damir"]
[Black "Schut, Han"]
[Result "1-0"]
[WhiteElo "2246"]
[BlackElo "2091"]
[PlyCount "99"]
[EventDate "2023.09.19"]
[EventType "swiss (blitz)"]
[EventRounds "11"]
[EventCountry "USA"]
[SourceTitle "EXT 2024"]
[Source "ChessBase"]
[SourceDate "2023.10.10"]
[SourceVersion "1"]
[SourceVersionDate "2023.10.10"]
[SourceQuality "1"]

1. e4 c6 2. Nf3 d5 3. Nc3 dxe4 4. Nxe4 Nf6 5. Ng3 Bg4 6. h3 Bxf3 7. Qxf3 e6 8. Be2 Nbd7 9. d4 Qb6 10. c3 c5 11. 0-0 cxd4 12. cxd4 Bd6 13. Ne4 Nxe4 14. Qxe4 Nf6 15. Qh4 0-0 16. Bg5 Be7 17. Bd3 h6 18. Be3 Nd5 19. Qe4 f5 20. Qf3 Bf6 21. Bc4 Rad8 22. Bb3 Bxd4 23. Bxd4 Qxd4 24. Rad1 Qe4 25. Qg3 Nf4 26. Kh2 Ne2 27. Qg6 Rxd1 28. Qxe6+ Kh8 29. Qxe4 fxe4 30. Bxd1 Nd4 31. Kg1 g5 32. Re1 Re8 33. Bg4 Kg7 34. Re3 Kf6 35. f3 Nc2 36. Rxe4 Rxe4 37. fxe4 Ke5 38. a3 Kxe4 39. Bf3+ Ke3 40. Bxb7 a5 41. Bc6 Nd4 42. Ba4 Ne2+ 43. Kh2 Kf2 44. b4 axb4 45. axb4 Nd4 46. b5 Ne6 47. b6 Nc5 48. Bc6 Ke3 49. b7 Nxb7 50. Bxb7 1-0

[Event "Titled Tuesday intern op 12th Sep Early"]
[Site "Chess.com INT"]
[Date "2023.09.12"]
[Round "7"]
[White "Majer, Damir"]
[Black "Prieto Aranguren, Alain"]
[Result "0-1"]
[WhiteElo "2246"]
[BlackElo "2155"]
[PlyCount "118"]
[EventDate "2023.09.12"]
[EventType "swiss (blitz)"]
[EventRounds "11"]
[EventCountry "USA"]
[SourceTitle "EXT 2024"]
[Source "ChessBase"]
[SourceDate "2023.10.10"]
[SourceVersion "1"]
[SourceVersionDate "2023.10.10"]
[SourceQuality "1"]

1. e4 c5 2. Nc3 Nc6 3. Nge2 g6 4. g3 Bg7 5. Bg2 e6 6. 0-0 Nge7 7. d3 d6 8. h3 Rb8 9. a4 a6 10. g4 b5 11. Ng3 b4 12. Nce2 h5 13. gxh5 gxh5 14. Nf4 h4 15. Ngh5 Be5 16. Kh1 Ng6 17. Bf3 Nd4 18. Rg1 Nxf4 19. Nxf4 Qf6 20. Rg4 Ke7 21. Nd5+ exd5 22. Bg5 Bxg4 23. Bxf6+ Bxf6 24. Bxg4 dxe4 25. dxe4 Be5 26. c3 bxc3 27. bxc3 Ne6 28. Rb1 Nf4 29. Qc2 Kf6 30. Rd1 Rb6 31. a5 Rb5 32. Bd7 Rxa5 33. Rb1 Ra3 34. Qd2 Rxc3 35. Bc6 Rxh3+ 36. Kg1 Rd3 37. Qc2 h3 38. f3 Rg8+ 39. Kh1 Rg2 40. Qc1 Rdd2 41. Qg1 Rxg1+ 42. Rxg1 h2 43. Rf1 Nh5 44. Rg1 hxg1Q+ 45. Kxg1 Nf4 46. Kf1 a5 47. Bb5 Rb2 48. Bc4 Ke7 49. Ke1 f6 50. Kd1 a4 51. Kc1 a3 52. Bg8 Kd8 53. Bf7 Kc7 54. Bg8 Kb6 55. Bf7 Ka5 56. Bg8 Kb4 57. Bf7 Kc3 58. Bg8 Nd3+ 59. Kd1 Rd2# 0-1

[Event "Titled Tuesday intern op 12th Sep Early"]
[Site "Chess.com INT"]
[Date "2023.09.12"]
[Round "10"]
[White "Majer, Damir"]
[Black "Sabatier, Mathis"]
[Result "1-0"]
[WhiteElo "2246"]
[BlackElo "2130"]
[PlyCount "71"]
[EventDate "2023.09.12"]
[EventType "swiss (blitz)"]
[EventRounds "11"]
[EventCountry "USA"]
[SourceTitle "EXT 2024"]
[Source "ChessBase"]
[SourceDate "2023.10.10"]
[SourceVersion "1"]
[SourceVersionDate "2023.10.10"]
[SourceQuality "1"]

1. e4 e5 2. Nf3 Nc6 3. Nc3 Nf6 4. g3 Be7 5. Bg2 0-0 6. 0-0 h6 7. d3 d6 8. h4 Bg4 9. Be3 Nd7 10. Nd5 f5 11. Qd2 fxe4 12. Nh2 Bf3 13. dxe4 Bxg2 14. Kxg2 Nf6 15. Nxf6+ Bxf6 16. c3 Ne7 17. Ng4 Ng6 18. h5 Nh8 19. Bxh6 gxh6 20. Nxh6+ Kh7 21. Nf5 Bg5 22. f4 Bf6 23. Qd5 Qe8 24. Qxb7 Rb8 25. Qxc7+ Rf7 26. Qc4 Rxb2+ 27. Rf2 Rxf2+ 28. Kxf2 Qd8 29. Rd1 exf4 30. gxf4 Rc7 31. Qe6 Rxc3 32. Rxd6 Rc2+ 33. Kf3 Rc3+ 34. Ke2 Rc2+ 35. Kd1 Qc8 36. Rd7+ 1-0

[Event "Titled Tuesday intern op 12th Sep Early"]
[Site "Chess.com INT"]
[Date "2023.09.12"]
[Round "6"]
[White "Martinez Ramirez, Lennis"]
[Black "Majer, Damir"]
[Result "1-0"]
[WhiteElo "2464"]
[BlackElo "2246"]
[PlyCount "65"]
[EventDate "2023.09.12"]
[EventType "swiss (blitz)"]
[EventRounds "11"]
[EventCountry "USA"]
[SourceTitle "EXT 2024"]
[Source "ChessBase"]
[SourceDate "2023.10.10"]
[SourceVersion "1"]
[SourceVersionDate "2023.10.10"]
[SourceQuality "1"]

1. Nf3 d5 2. c4 e6 3. e3 Nf6 4. Nc3 Be7 5. d4 0-0 6. Qc2 dxc4 7. Bxc4 a6 8. a4 c5 9. 0-0 Nc6 10. Rd1 cxd4 11. Nxd4 Nxd4 12. Rxd4 Qc7 13. Bd3 Bd7 14. e4 Ng4 15. g3 Ne5 16. Be2 Bc5 17. Rd1 Qb6 18. Bf4 Bxf2+ 19. Kg2 f6 20. Bxe5 fxe5 21. Rxd7 Bd4 22. Rf1 Qc6 23. Re7 Rxf1 24. Bxf1 Rf8 25. Qb3 Rf2+ 26. Kh3 Rxf1 27. Rxe6 Qd7 28. g4 Rf3+ 29. Kg2 Rf2+ 30. Kg3 Rf7 31. Qd5 Bxc3 32. bxc3 Qxa4 33. Re7 1-0

[Event "Titled Tuesday intern op 05th Sep Early"]
[Site "Chess.com INT"]
[Date "2023.09.05"]
[Round "2"]
[White "Fernandez Bustamante, Leancy B"]
[Black "Majer, Damir"]
[Result "0-1"]
[WhiteElo "2059"]
[BlackElo "2246"]
[PlyCount "84"]
[EventDate "2023.09.05"]
[EventType "swiss (blitz)"]
[EventRounds "11"]
[EventCountry "USA"]
[SourceTitle "EXT 2024"]
[Source "ChessBase"]
[SourceDate "2023.10.10"]
[SourceVersion "1"]
[SourceVersionDate "2023.10.10"]
[SourceQuality "1"]

1. e4 Nf6 2. e5 Nd5 3. Nc3 Nxc3 4. bxc3 d6 5. exd6 exd6 6. d4 Be7 7. Nf3 0-0 8. Bd3 Bg4 9. h3 Bh5 10. 0-0 Nd7 11. Rb1 Nb6 12. c4 Bg6 13. c3 Nxc4 14. Rxb7 Nb6 15. a4 Nxa4 16. Bxg6 Nxc3 17. Bxh7+ Kxh7 18. Qc2+ Kg8 19. Qxc3 c5 20. Re1 Bf6 21. Qc4 cxd4 22. Nxd4 Rc8 23. Nc6 d5 24. Qa4 Qd6 25. Bf4 Qxc6 26. Qxa7 Rfe8 27. Rc1 Qe6 28. Rxc8 Rxc8 29. Rb8 Rxb8 30. Qxb8+ Kh7 31. Qb1+ g6 32. Qd3 d4 33. Bg3 Kg7 34. Bf4 Qe1+ 35. Kh2 Qxf2 36. Bg3 Qb2 37. Bf4 Qb7 38. Qd2 Qe4 39. Bh6+ Kh7 40. Bf8 Be5+ 41. Kg1 Bf4 42. Qa2 Qe1# 0-1

[Event "Titled Tuesday intern op 05th Sep Early"]
[Site "Chess.com INT"]
[Date "2023.09.05"]
[Round "10"]
[White "Konenkin, Dmitry"]
[Black "Majer, Damir"]
[Result "0-1"]
[WhiteElo "2267"]
[BlackElo "2246"]
[PlyCount "124"]
[EventDate "2023.09.05"]
[EventType "swiss (blitz)"]
[EventRounds "11"]
[EventCountry "USA"]
[SourceTitle "EXT 2024"]
[Source "ChessBase"]
[SourceDate "2023.10.10"]
[SourceVersion "1"]
[SourceVersionDate "2023.10.10"]
[SourceQuality "1"]

1. d4 d5 2. Bg5 c6 3. e3 Bf5 4. c4 h6 5. Bh4 Qb6 6. b3 e6 7. Nd2 Bb4 8. Ngf3 Nd7 9. Be2 Bc3 10. Rc1 Bb2 11. c5 Qa5 12. 0-0 Bxc1 13. Qxc1 Ngf6 14. a3 0-0 15. b4 Qc7 16. Bg3 Qd8 17. b5 Ne4 18. Nxe4 Bxe4 19. Nd2 Bg6 20. bxc6 bxc6 21. Ba6 e5 22. Bb7 Rb8 23. Bxc6 Rc8 24. Bb7 Qf6 25. Bxc8 Rxc8 26. Nf3 exd4 27. exd4 Be4 28. Ne5 Nxe5 29. Bxe5 Qg6 30. f3 Bd3 31. Re1 Bc4 32. Qf4 f6 33. Bd6 Qd3 34. h3 Qxa3 35. Qf5 Qa6 36. Qe6+ Kh8 37. Kh2 Qc6 38. Ra1 a6 39. Rc1 Bb5 40. Re1 Re8 41. Qxe8+ Qxe8 42. Rxe8+ Bxe8 43. Bc7 Kg8 44. Kg3 Kf7 45. Kf4 Ke6 46. Ke3 Kd7 47. Ba5 Kc6 48. Kd3 Kb5 49. Bc3 Bd7 50. Kc2 a5 51. Kb3 a4+ 52. Ka3 Kc4 53. Bb2 Kd3 54. Kb4 Kc2 55. Ba3 Bc6 56. h4 h5 57. g3 Kd3 58. Bb2 Ke3 59. f4 Kf3 60. Ka5 Kxg3 61. Kb6 Be8 62. c6 Kxf4 0-1

[Event "Titled Tuesday intern op 05th Sep Early"]
[Site "Chess.com INT"]
[Date "2023.09.05"]
[Round "9"]
[White "Majer, Damir"]
[Black "Mushini, Ajay"]
[Result "0-1"]
[WhiteElo "2246"]
[BlackElo "2301"]
[PlyCount "100"]
[EventDate "2023.09.05"]
[EventType "swiss (blitz)"]
[EventRounds "11"]
[EventCountry "USA"]
[SourceTitle "EXT 2024"]
[Source "ChessBase"]
[SourceDate "2023.10.10"]
[SourceVersion "1"]
[SourceVersionDate "2023.10.10"]
[SourceQuality "1"]

1. d4 d5 2. Nf3 Bf5 3. e3 e6 4. Bd3 Nf6 5. 0-0 Bd6 6. Ne5 Bxe5 7. dxe5 Bxd3 8. cxd3 Nfd7 9. d4 0-0 10. b3 f6 11. Qg4 f5 12. Qe2 c5 13. Ba3 Nc6 14. Qb5 Qb6 15. Nc3 f4 16. Bxc5 Nxc5 17. dxc5 Qc7 18. exf4 Rxf4 19. Ne2 Re4 20. Ng3 Rxe5 21. Rac1 Rf8 22. Qd3 Rg5 23. a3 Qf4 24. b4 a6 25. Rce1 Nd4 26. Qe3 Qxe3 27. Rxe3 h5 28. Rd1 Rg4 29. Nxh5 Nc2 30. Rc3 Rc4 31. Rxc4 dxc4 32. Rc1 Nxa3 33. Rc3 Rd8 34. g4 Rd3 35. Rc1 c3 36. Kf1 c2 37. Ke2 Rd4 38. f4 Rxb4 39. f5 exf5 40. gxf5 Rc4 41. Kd2 Rxc5 42. Rg1 Rxf5 43. Rxg7+ Kf8 44. Rxb7 Rd5+ 45. Kc1 Rd1+ 46. Kb2 c1Q+ 47. Ka2 Qa1+ 48. Kb3 Rb1+ 49. Ka4 Rxb7 50. Nf6 Nc2# 0-1

[Event "Bayern-chI Bank Hofmann 24th"]
[Site "Tegernsee"]
[Date "2021.11.05"]
[Round "7"]
[White "Majer, Damir"]
[Black "Strahl, Christian"]
[Result "1/2-1/2"]
[WhiteElo "2222"]
[BlackElo "1851"]
[PlyCount "70"]
[EventDate "2021.10.30"]
[EventType "swiss"]
[EventRounds "9"]
[EventCountry "GER"]
[SourceTitle "CBM 205 Extra"]
[Source "ChessBase"]
[SourceDate "2022.01.31"]
[SourceVersion "1"]
[SourceVersionDate "2022.01.31"]
[SourceQuality "1"]

1. Nf3 Nf6 2. c4 e6 3. g3 d5 4. Bg2 Be7 5. 0-0 0-0 6. d4 c6 7. Nbd2 Nbd7 8. Qc2 b6 9. e4 Nxe4 10. Nxe4 dxe4 11. Qxe4 Bb7 12. Rd1 Rc8 13. Bf4 Nf6 14. Qc2 Bd6 15. Ne5 Qc7 16. Qe2 Nd7 17. c5 Bxe5 18. cxb6 axb6 19. dxe5 c5 20. Rd6 Bxg2 21. Kxg2 c4 22. Rad1 Nb8 23. Qg4 Kh8 24. Bg5 b5 25. Qe4 h6 26. Be3 Nc6 27. a3 Ne7 28. Rd7 Qc6 29. Qxc6 Nxc6 30. f4 Rfd8 31. Bb6 Rxd7 32. Rxd7 Kg8 33. Kf3 b4 34. axb4 Nxb4 35. Rd2 c3 1/2-1/2

[Event "Bayern-chI Bank Hofmann 24th"]
[Site "Tegernsee"]
[Date "2021.11.01"]
[Round "3"]
[White "Majer, Damir"]
[Black "De la Riva Aguado, Oscar"]
[Result "1/2-1/2"]
[WhiteElo "2222"]
[BlackElo "2466"]
[PlyCount "34"]
[EventDate "2021.10.30"]
[EventType "swiss"]
[EventRounds "9"]
[EventCountry "GER"]
[SourceTitle "CBM 205 Extra"]
[Source "ChessBase"]
[SourceDate "2022.01.31"]
[SourceVersion "1"]
[SourceVersionDate "2022.01.31"]
[SourceQuality "1"]

1. Nf3 g6 2. g3 Bg7 3. d4 Nf6 4. Bg2 0-0 5. 0-0 d6 6. b3 a5 7. Bb2 a4 8. c4 Ne4 9. Nfd2 Nxd2 10. Qxd2 axb3 11. axb3 Rxa1 12. Bxa1 c6 13. Na3 Na6 14. b4 d5 15. b5 Nc7 16. bxc6 bxc6 17. cxd5 cxd5 1/2-1/2

[Event "Innsbruck op 5th"]
[Site "Innsbruck"]
[Date "2021.08.25"]
[Round "6"]
[White "Platz, Daniel"]
[Black "Majer, Damir"]
[Result "1/2-1/2"]
[WhiteElo "2038"]
[BlackElo "2268"]
[PlyCount "78"]
[EventDate "2021.08.21"]
[EventType "swiss"]
[EventRounds "9"]
[EventCountry "AUT"]
[SourceTitle "CBM 204 Extra"]
[Source "ChessBase"]
[SourceDate "2021.11.30"]
[SourceVersion "1"]
[SourceVersionDate "2021.11.30"]
[SourceQuality "1"]

1. e4 Nf6 2. e5 Nd5 3. c4 Nb6 4. c5 Nd5 5. Nc3 Nxc3 6. dxc3 Nc6 7. Bf4 e6 8. Qg4 g5 9. Bxg5 Rg8 10. Bxd8 Rxg4 11. Bxc7 Bxc5 12. f3 Rg8 13. 0-0-0 Be3+ 14. Kb1 Bf4 15. Re1 f6 16. g3 Bxe5 17. Bxe5 fxe5 18. Bd3 Rg7 19. Re4 Kf8 20. Nh3 d6 21. Rh4 Kg8 22. Rh5 Bd7 23. Ng5 h6 24. Ne4 Rf8 25. Rf1 d5 26. Nc5 Rf6 27. Nxd7 Rxd7 28. Bb5 e4 29. fxe4 Rxf1+ 30. Bxf1 dxe4 31. Bc4 Kg7 32. Rh4 e3 33. Re4 Rd1+ 34. Kc2 Rd2+ 35. Kc1 Rxh2 36. Rxe6 Rh1+ 37. Kc2 Rh2+ 38. Kc1 Rh1+ 39. Kc2 Rh2+ 1/2-1/2

[Event "Innsbruck op 5th"]
[Site "Innsbruck"]
[Date "2021.08.23"]
[Round "4"]
[White "Kienboeck, Benjamin"]
[Black "Majer, Damir"]
[Result "1-0"]
[WhiteElo "2025"]
[BlackElo "2268"]
[PlyCount "99"]
[EventDate "2021.08.21"]
[EventType "swiss"]
[EventRounds "9"]
[EventCountry "AUT"]
[SourceTitle "CBM 204 Extra"]
[Source "ChessBase"]
[SourceDate "2021.11.30"]
[SourceVersion "1"]
[SourceVersionDate "2021.11.30"]
[SourceQuality "1"]

1. e4 Nf6 2. e5 Nd5 3. d4 d6 4. Bc4 c6 5. exd6 Qxd6 6. Ne2 g6 7. 0-0 Bg7 8. c3 0-0 9. Nd2 Nd7 10. Ne4 Qc7 11. Bd2 b5 12. Bd3 e5 13. a4 f5 14. Ng5 e4 15. Bc2 N7b6 16. axb5 cxb5 17. h4 Qe7 18. Bb3 Nc4 19. Nf4 Nxf4 20. Bxf4 h6 21. Nh3 Qxh4 22. Qe2 Be6 23. Bg3 Qe7 24. Nf4 Bf7 25. Ra6 Kh7 26. d5 Qb7 27. Rfa1 Bxd5 28. Rxg6 Bf7 29. Rga6 Rfc8 30. Bxc4 Rxc4 31. Nh5 Rc6 32. Rxc6 Qxc6 33. Nxg7 Kxg7 34. Rd1 Bd5 35. Qe3 Rd8 36. Qxa7+ Rd7 37. Qb8 Be6 38. Ra1 Qd5 39. Be5+ Kg6 40. Qh8 Rf7 41. Qg8+ Kh5 42. Qg3 Qd3 43. Qh2+ Kg6 44. Bf4 Rh7 45. Qh4 Bc8 46. Ra8 Qd7 47. Rb8 Bb7 48. Rd8 Qe7 49. Rd6+ Kf7 50. Qh5+ 1-0

[Event "Titled Tuesday intern op 17th Aug"]
[Site "Chess.com INT"]
[Date "2021.08.17"]
[Round "5"]
[White "Katz, Alexander R"]
[Black "Majer, Damir"]
[Result "1-0"]
[WhiteElo "2396"]
[BlackElo "2268"]
[PlyCount "171"]
[EventDate "2021.08.17"]
[EventType "swiss (blitz)"]
[EventRounds "11"]
[EventCountry "USA"]
[SourceTitle "EXT 2022"]
[Source "ChessBase"]
[SourceDate "2021.10.06"]
[SourceVersion "1"]
[SourceVersionDate "2021.10.06"]
[SourceQuality "1"]

1. d4 d5 2. c4 e6 3. Nc3 Nf6 4. cxd5 exd5 5. Bg5 Be7 6. e3 c6 7. Bd3 Nbd7 8. Nge2 0-0 9. 0-0 Re8 10. Qc2 Nf8 11. f3 Be6 12. e4 dxe4 13. fxe4 Ng4 14. Bxe7 Rxe7 15. Rf3 Qb6 16. Kh1 Rd8 17. Raf1 Rxd4 18. Nxd4 Qxd4 19. Qe2 Ng6 20. Bb1 Qd6 21. Rg3 N4e5 22. Rd1 Qb8 23. Qe3 h6 24. Ne2 Rd7 25. Rxd7 Bxd7 26. a3 b6 27. Ba2 Qe8 28. Nf4 Ng4 29. Rxg4 Bxg4 30. Nxg6 Be6 31. Bxe6 Qxe6 32. Nf4 Qd6 33. h3 Qe5 34. Nd3 Qb5 35. e5 Qb3 36. Kh2 c5 37. Qg3 c4 38. Nf4 Qxb2 39. Nh5 g5 40. Nf6+ Kg7 41. Ng4 Qd4 42. Qf3 Qf4+ 43. Qxf4 gxf4 44. Nf2 Kg6 45. Ne4 Kf5 46. Nd6+ Kxe5 47. Nxc4+ Kd4 48. Nd6 Kc5 49. Nxf7 b5 50. Nxh6 a5 51. Ng4 b4 52. axb4+ Kxb4 53. Nf2 Kc3 54. Ne4+ Kb4 55. Nf2 a4 56. Nd3+ Kc3 57. Nc1 a3 58. h4 Kc2 59. Na2 Kb2 60. Nb4 Kb3 61. Nd3 Kc3 62. Nc1 Kc2 63. Na2 Kb2 64. h5 Kxa2 65. h6 Kb1 66. h7 a2 67. h8Q a1Q 68. Qxa1+ Kxa1 69. Kh3 Kb2 70. Kg4 Kc3 71. Kxf4 Kd4 72. g4 Kd5 73. Kf5 Kd6 74. Kf6 Kd7 75. Kf7 Kd6 76. g5 Ke5 77. g6 Kf5 78. g7 Kf4 79. g8Q Kf3 80. Qg5 Kf2 81. Qg4 Kf1 82. Qg3 Ke2 83. Ke6 Kf1 84. Qh2 Ke1 85. Qc2 Kf1 86. Qd2 1-0

[Event "Titled Tuesday intern op 03rd Aug"]
[Site "Chess.com INT"]
[Date "2021.08.03"]
[Round "4"]
[White "Majer, Damir"]
[Black "Alinasab, Mobina"]
[Result "1-0"]
[WhiteElo "2268"]
[BlackElo "2317"]
[PlyCount "97"]
[EventDate "2021.08.03"]
[EventType "swiss (blitz)"]
[EventRounds "11"]
[EventCountry "USA"]
[SourceTitle "CBM 203 Extra"]
[Source "ChessBase"]
[SourceDate "2021.09.30"]
[SourceVersion "1"]
[SourceVersionDate "2021.09.30"]
[SourceQuality "1"]

1. d4 Nf6 2. Bf4 e6 3. Nf3 b6 4. e3 Bb7 5. h3 Be7 6. Nbd2 c5 7. c3 cxd4 8. cxd4 d6 9. Bb5+ Nc6 10. Qa4 Qd7 11. Rc1 Rc8 12. 0-0 0-0 13. Bh2 a6 14. Bd3 b5 15. Qb3 Rc7 16. Bb1 Rfc8 17. Rcd1 Na5 18. Qd3 g6 19. Nb3 Nxb3 20. Qxb3 Bxf3 21. gxf3 Rc4 22. Bd3 R4c6 23. Kg2 d5 24. Be5 Nh5 25. a4 b4 26. a5 Bd6 27. f4 f6 28. Bxd6 Qxd6 29. Be2 Ng7 30. Ra1 g5 31. fxg5 fxg5 32. Bg4 h5 33. Be2 Kf7 34. Qd3 Rh8 35. f4 g4 36. hxg4 hxg4 37. Rh1 Rxh1 38. Rxh1 Nf5 39. Bxg4 Rc2+ 40. Kf3 Rxb2 41. Bxf5 exf5 42. Qxf5+ Ke7 43. Rh7+ Kd8 44. Qg5+ Kc8 45. Qg8+ Qd8 46. Qe6+ Kb8 47. Rd7 Rf2+ 48. Kxf2 Qh4+ 49. Kg2 1-0